Introduction to Pascal and Structured Design

Bibliographic Details
Main Author: Nell, Dale
Other Authors: Weems, Chip
Format: Book
Language:English
Published: Lexington, Massachusets : D.C.Heath & Company , 1988
Subjects:

MARC

LEADER 00000cam a2200000 7i4500
001 0000003173
005 20230515.0
008 991202 mau eng
020 |a 0669145912 (pbk) 
040 |a INS 
090 0 0 |a QA76.73.P2   |b D34 1988 
100 1 |a Nell, Dale 
245 1 0 |a Introduction to Pascal and Structured Design   |c Nell Dale, Chip Weems 
260 |a Lexington, Massachusets :   |b D.C.Heath & Company ,   |c 1988 
300 |a xxii, various pagings :   |b ill. ;   |c c24 cm. 
500 |a Includes index 
650 0 |a Pascal(Computer program language) 
700 1 |a Weems, Chip 
999 |a 0000005053   |b BOOK   |c Open Shelf   |e Default branch